Normal view MARC view

Entry Uniform Title

Number of records used in: 1

001 - CONTROL NUMBER

  • control field: 51043

003 - CONTROL NUMBER IDENTIFIER

  • control field: dpl

005 - DATE AND TIME OF LATEST TRANSACTION

  • control field: 20120814110219.0

008 - FIXED-LENGTH DATA ELEMENTS

  • fixed length control field: 120814|||a|||||| | ||| d

040 ## - CATALOGING SOURCE

  • Original cataloging agency: dpl
  • Transcribing agency: dpl

130 ## - HEADING--UNIFORM TITLE

  • Uniform title: 194DEN Dent, Nicholas Rousseau/ by Nicholas Dent.- New york:Routledge,2005. xv 248p.;22 cm. -(Routledge philosophers / edited by Brian Leiter). Note: it includes bibliography and index ISBN:9780415283502 Rs. 325.00 Blueberry/Ven

670 ## - SOURCE DATA FOUND

  • Source citation: Work cat.: (dpl)68979: Freeman, Samuel. 51042, Rawls/, 2007

670 ## - SOURCE DATA FOUND

  • Source citation: Work cat.: (dpl)68979: Freeman, Samuel. 51042, Rawls/, 2007

© Delhi Public Library
Hit Counter
free hit counter